01166 2200469 4500001002100000005001500021035002000036007000300056008004100059020002200100082001400122084002000136100002400156245008800180250001500268300004100283650002800324264003000352336002100382337003000403338002300433990001200456990001200468990001200480990001200492990001200504990001200516990001200528990001200540990001200552990001200564990001200576990001200588990001200600990001200612990001200624990001200636990001200648990001200660990001200672990001200684INLIS00000000000067320260109105025 a0010-0126000013ta260109 0 ind  a978-623-01-3482-1 a629.2.076 a629.2.076 KIS s0 aKistantoePengarang1 aSistem Pemindah Tenaga Kendaraan Ringan XII :bSMK/MAK Fase F Kelas XII /cKistanto aed 1 cet 1 axvi + 176 hlm :bilus ;c17,6 x 25cm 4ateknik kendaraan Ringan aYogyakarta :bAndi,c2025 2rdacontentateks 2rdamediaatanpa perantara 2rdacarrieravolume a25.1725 a25.1726 a25.1727 a25.1728 a25.1729 a25.1730 a25.1731 a25.1732 a25.1733 a25.1734 a25.1735 a25.1736 a25.1737 a25.1738 a25.1739 a25.1740 a25.1741 a25.1742 a25.1743 a25.1744